Movie Newspapers III Quiz Stats

 Plays Quiz Updated Jul 23, 2017

Support Sporcle.
Go Orange.
Score 0/25 Timer 06:00
0 Plays Today
% Correct
Harry Potter and the Order of the Phoenix
99%
Batman Returns
83.8%
The Silence of the Lambs
73.8%
Superman
68.6%
Paddington
67.6%
Misery
65%
The Goonies
56.5%
Coraline
55.1%
Casino Royale
48.1%
The Untouchables
47.8%
Quiz Show
44.3%
Who Framed Roger Rabbit
42.4%
Walk the Line
37.1%
% Correct
The Amazing Spider-Man
28.1%
Basic Instinct
25.3%
Notting Hill
24.9%
Unbreakable
24.9%
Chicago
21.9%
Mrs. Doubtfire
19.1%
The Great Escape
18.8%
The Frighteners
15.5%
The Green Hornet
11.6%
Frankenweenie
6.8%
An American Werewolf in London
5%
The Woman in Black
0.7%

You're not logged in!

Compare scores with friends on all Sporcle quizzes.
OR
Log In
Forgot?

From the Vault

MLB Last 200-Hit Season (by Team)

by Ben

You must go through a lot of bats getting that many hits.
Remove Ads.
Support Sporcle.
Get the best of Sporcle when you Go Orange. This ad-free experience offers more features, more stats, and more fun while also helping to support Sporcle. Thank you for becoming a member.

Show Comments

Extras

Top Quizzes Today


Score Distribution

Your Account Isn't Verified!

In order to create a playlist on Sporcle, you need to verify the email address you used during registration. Go to your Sporcle Settings to finish the process.

Report this User

Report this user for behavior that violates our Community Guidelines.

Details: